El código secreto: la misteriosa fórmula que rige el arte, la naturaleza y la ciencia
Spremljeno u:
| Glavni autor: | |
|---|---|
| Format: | Knjiga |
| Jezik: | španjolski |
| Izdano: |
Colonia
Evergreen
2008
|
| Teme: | |
| Oznake: |
Dodaj oznaku
Bez oznaka, Budi prvi tko označuje ovaj zapis!
|
MARC
| LEADER | 00000cam a2200000 a 4500 | ||
|---|---|---|---|
| 001 | UCG7878 | ||
| 003 | CL-VaPUC | ||
| 008 | 111014e20080000GW |||||||||||||||||spa|d | ||
| 020 | |a 9783836507097 | ||
| 082 | 0 | 4 | |a 510 |b HEM |2 21 |
| 100 | 0 | |a Hemenway, Priya |e author |9 558357 | |
| 245 | 1 | 3 | |a El código secreto: la misteriosa fórmula que rige el arte, la naturaleza y la ciencia |
| 300 | |a 203 p | ||
| 942 | |c BK | ||
| 945 | |d 20111014 00:00:00 |a dcastane | ||
| 260 | |a Colonia |b Evergreen |c 2008 | ||
| 650 | 0 | |a Matemática |9 260235 | |
| 650 | 0 | |a Creación artística |9 266215 | |
| 650 | 0 | |a Diseño artístico |9 330956 | |
| 650 | 0 | |a Arquitectura |9 804558 | |
| 650 | 0 | |a Geometría |9 264063 | |
| 583 | |a last modification |c 20130822 05:41:17 |k Rodrigo Vera | ||
| 999 | |c 345567 |d 345565 | ||
| 952 | |0 0 |1 0 |4 0 |6 510_000000000000000_HEM_2008 |7 0 |8 C |9 444471 |a BIBCUR |b BIBCUR |d 2019-11-22 |i 4788362 |l 3 |o 510 HEM 2008 |p 4788362 |r 2025-04-22 |s 2023-09-20 |w 2019-11-22 |y BK |k EXP | ||
| 952 | |0 0 |1 0 |4 0 |6 510_000000000000000_HEM_2008 |7 0 |8 A |9 444472 |a BIBING |b BIBING |d 2019-11-22 |i 4872843 |o 510 HEM 2008 |p 4872843 |r 2025-01-20 |w 2019-11-22 |y BK |k CUI | ||
| 952 | |0 0 |1 0 |3 erb |4 0 |6 510_000000000000000_HEM_2008 |7 0 |8 A |9 444473 |a BIBARQ |b BIBARQ |d 2019-11-22 |i 5001390 |l 4 |o 510 HEM 2008 |p 5001390 |r 2025-01-20 |s 2023-06-13 |w 2019-11-22 |y BK |z Catalogado en:20130829 |k ARQ | ||